| 000 | 00779nam a2200205 i 4500 | ||
|---|---|---|---|
| 001 | 122110 | ||
| 003 | ES-MaACL | ||
| 005 | 20251220063019.0 | ||
| 007 | t| | ||
| 008 | 070214s1972 sp r ||||1| spa d | ||
| 100 | 1 |
_aPrieto, Carlos, _d1898-1991 _9156926 |
|
| 245 | 1 | 3 |
_aEl océano Pacífico _b: navegantes españoles del siglo XVI / _cCarlos Prieto ; prólogo de Salvador de Madariaga. |
| 260 |
_aMadrid : _bRevista de Occidente, _c1972. |
||
| 300 |
_a241 p., 17 lám. : _b8 mapas col. ; _c27 cm. |
||
| 650 | 7 |
_aDescubrimientos geográficos españoles _2embne _911831 |
|
| 651 | 4 |
_aPacífico- _xDescubrimientos y exploraciones- _xEspañoles. _9155865 |
|
| 700 | 1 |
_aMadariaga, Salvador de, _d1886-1978 _975292 |
|
| 852 |
_aES-MaACL _jC-42677 |
||
| 999 |
_c122110 _d122110 |
||